<?xml version="1.0" encoding="UTF-8"?>
<collection xmlns="http://www.loc.gov/MARC21/slim">
  <record>
    <leader>00000nam  2200000   4500</leader>
    <controlfield tag="001">INLIS000000000015946</controlfield>
    <controlfield tag="005">20231003105027</controlfield>
    <datafield tag="035" ind1="#" ind2="#">
      <subfield code="a">0010-1023000028</subfield>
    </datafield>
    <datafield tag="245" ind1="1" ind2="#">
      <subfield code="a">Kolaborasi Antar Pemerintahan Tiga Daerah Melalui “Kapita” Untuk Mencapai Kesejahteraan. /</subfield>
      <subfield code="c">Samsuddin Abdul Kadir</subfield>
    </datafield>
    <datafield tag="100" ind1=" " ind2="#">
      <subfield code="a">Samsuddin Abdul Kadir</subfield>
    </datafield>
    <datafield tag="250" ind1="#" ind2="#">
      <subfield code="a">1</subfield>
    </datafield>
    <datafield tag="300" ind1="#" ind2="#">
      <subfield code="a">171 halaman :</subfield>
      <subfield code="b">ilus ;</subfield>
      <subfield code="c">30 cm</subfield>
    </datafield>
    <datafield tag="856" ind1="#" ind2="#">
      <subfield code="a">Perpustakaan LAN Pusat</subfield>
    </datafield>
    <datafield tag="260" ind1="#" ind2="#">
      <subfield code="a">Jakarta :</subfield>
      <subfield code="b">Pusbangkom Pimnas dan Manajerial ASN,</subfield>
      <subfield code="c">2022</subfield>
    </datafield>
    <datafield tag="084" ind1="#" ind2="#">
      <subfield code="a">R 136 PIM I 2022</subfield>
    </datafield>
    <datafield tag="650" ind1="#" ind2="4">
      <subfield code="a">Kolaborasi</subfield>
    </datafield>
    <datafield tag="520" ind1="#" ind2="#">
      <subfield code="a">Kolaborasi semakin kuat apabila setiap individu atau kelompok, diberikan peran pada setiap masing-masing pekerjaannya, selanjutnya pemimpin berperan sebagai konduktor yang memastikan bahwa setiap timnya berjalan sesuai alurnya. Sistem integrasimerupakan sebuah rangkaian proses untuk menghubungkan beberapa sistem digital mulai dari software dan aplikasi, baik secara fisik maupun secara fungsional. Pengintegrasian sistem informasi merupakan salah satu konsep sistem informasi manajemen. Dengan menunjukan gaya kepemimpinan kolaboratif akan membentuk peluang dan tim yang efektif pula sehingga akan menimbulkan lingkungan yang memiliki kepercayaan tinggi terhadap pemimpinannya. Terciptanya struktur kolaborasi yang difokuskan pada perubahan secara terus menerus dan menjadi lebih baik, sehingga tujuannya untuk mengembangkan kemampuan yang baru yang semakin meningkatkan efektifitas masing-masing.</subfield>
    </datafield>
    <datafield tag="990" ind1="#" ind2="#">
      <subfield code="a">136</subfield>
    </datafield>
  </record>
</collection>
